000 00914nam a22003017a 4500
003 CHAP
005 20220329140701.0
008 971013s1978 r 00010 d
010 _a55990
011 _a56962
035 _a61115
040 _cCHAP
082 _a589.2
_bS3
100 0 0 _aSharp, Robert F.
_9105523
245 _aInvestigative mycology
260 _aLondon :
_bHeinemann,
_c1978
300 _a136 p.
_b: ilus.
590 _aBATCH-UPD
_b10
_c20130110
_lUCH01
_h1839
590 _aBATCH-UPD
_b10
_c20130410
_lUCH01
_h1210
590 _aBATCH-UPD
_b10
_c20130914
_lUCH01
_h1817
590 _aCONVERSION
_b10
_c20130109
_lUCH01
_h1330
650 1 4 _aMicología.
_975476
650 1 4 _aTécnica micológica.
_9113527
901 _aBK
942 _cLIBRO
949 _a589.2 S3
_bBC
_cLIBRO
_d33724000362091
_eLIBRO
_h52304
_i61115
_si
949 _a589.2 S3
_bBC
_cLIBRO
_d33724000362109
_eLIBRO
_fc.2
_h52305
_i61115
_si
999 _c55990
_d55990